000
00237nam a2200097Ia 4500
001
929285
005
20250826191652.0
008
250824s9999 xx 000 0 und d
245
0
_a
YARALI/B4
_c
KAHRAMAN TAZEOĞLU
260
_b
DESTEK YAYINLARI
999
_c
929285
_d
929285